Name a Valid DC Secret Identity - Statistics

General Stats
  • This quiz has been taken 20 times
  • The average score is 20 of 55
Answer Stats
Hint # of Answers Answer % Correct
Flash 6 Barry Allen, Wally West, Bart Allen...
89%
Batman 10 Bruce Wayne, Jace Fox, Terry McGinnis...
89%
Superman 5 Clark Kent, Jon Kent, Kong Kenan...
83%
Batgirl 5 Barbara Gordon, Cass Cain, Steph Brown...
78%
Wonder Woman 8 Diana Prince, Hippolyta, Nubia...
78%
Penguin 1 Oswald Cobblepot
78%
Nightwing 9 Dick Grayson, Cheyenne Freemont, Chris Kent...
72%
Robin 10 Dick Grayson, Jason Todd, Tim Drake...
72%
Green Arrow 4 Oliver Queen, Connor Hawke, John Diggle...
72%
Wonder Girl 5 Cassie Sandsmark, Yara Flor, Donna Troy...
61%
Red Hood 2 Jason Todd, Joker
61%
Catwoman 4 Selina Kyle, Holly Robinson, Eiko Hasigawa...
61%
Aquaman 4 Arthur Curry, Jackson Hyde, Orin...
56%
Reverse Flash 4 Eobard Thawne, Daniel West, Thaddeus Thawne...
56%
Scarecrow 1 Jonathan Crane
50%
Batwoman 4 Kate Kane, Ryan Wilder, Kathy Kane...
50%
Deathstroke 1 Slade Wilson
50%
Black Canary 6 Dinah Drake, Dinah Lance, Laurel Lance...
44%
Martian Manhunter 1 John Jones
44%
Cyborg 1 Victor Stone
44%
Beast Boy 1 Garfield Logan
39%
Blue Beetle 5 Dan Garrett, Ted Kord, Jaime Reyes...
33%
Red Arrow 2 Emiko Queen, Roy Harper
33%
Captain Cold 1 Leonard Snart
33%
Impulse 3 Bart Allen, Irey West, Kent Shakespeare...
28%
Killer Frost 3 Caitlin Snow, Louise Lincoln, Crystal Frost...
28%
Star Sapphire 6 Carol Ferris, Dela Pharon, Remoni-Notra...
28%
Spectre 4 Crispus Allen, Jim Corrigan, Hal Jordan...
28%
Steel 3 John Henry Irons, Natasha Irons, Nate Heywood...
28%
Superwoman 6 Lois Lane, Lana Lang, Lucy Lane...
28%
Firestorm 7 Martin Stein, Ronnie Raymond, Jason Rusch...
28%
Metamorpho 2 Rex Mason, Shift
28%
Wildcat 3 Yolanda Montez, Ted Grant, Tom Bronson...
28%
Peacemaker 1 Christopher Smith
22%
Vibe 2 Cisco Ramon, Paco Ramone
22%
Batwing 2 David Zavimbe, Luke Fox
22%
Plastic Man 1 Eel O'Brian
22%
Aqualad 3 Garth, Jackson Hyde, Kaldur'ahm...
22%
Static 1 Virgil Hawkins
22%
Cheetah 4 Barbara Minerva, Priscilla Rich, Deborah Domaine...
17%
Cyborg Superman 1 Hank Henshaw
17%
Doctor Fate 8 Kent Nelson, Khalid Nassour, Inza Cramer...
17%
Darkseid 1 Uxas
17%
Wonder Twins (just name one of them) 2 Zan, Jayna
17%
Trickster 3 Axel Walker, Giovanni Giuseppe, James Jesse...
11%
Warrior 1 Guy Gardner
11%
Black Lightning 1 Jefferson Pierce
11%
Guardian 4 Jim Harper, Jimmy Olsen, Mal Duncan...
11%
Metallo 3 John Corben, Roger Corben, George Grant...
11%
Blight 1 Derek Powers
6%
Livewire 1 Leslie Willis
6%
Ghost-Maker 1 Minhkhoa Khan
6%
Parasite 6 Rudy Jones, Maxwell Jensen, Josh Allen...
6%
Katana 1 Tatsu Yamashiro
6%
Flamebird 2 Thara Ak-Var, Bette Kane
6%
No matching quizzes found
Score Distribution
Percent of People with Each Score
Percentile by Number Answered
Your Score History
You have not taken this quiz